Journey to the next dimension (Record no. 72761)
[ view plain ]
| 000 -LEADER | |
|---|---|
| fixed length control field | 01114cam a2200217 4500 |
| 001 - CONTROL NUMBER | |
| control field | ABS66717 |
| 008 - FIXED-LENGTH DATA ELEMENTS--GENERAL INFORMATION | |
| fixed length control field | 030527n2003 000 0 eng u |
| 035 ## - SYSTEM CONTROL NUMBER | |
| System control number | (Sirsi) u122412 |
| 100 ## - MAIN ENTRY--PERSONAL NAME | |
| Personal name | Kernan, P. |
| 245 ## - TITLE STATEMENT | |
| Title | Journey to the next dimension |
| 260 ## - PUBLICATION, DISTRIBUTION, ETC. | |
| Date of publication, distribution, etc. | 2003 |
| 490 ## - SERIES STATEMENT | |
| Series statement | Construction Manager |
| Volume/sequential designation | May 2003, 26-28(3) |
| 520 ## - SUMMARY, ETC. | |
| Summary, etc. | Looks at the future of data-centric modelling, where an on-screen design inventory can give project team partners instant access to all essential information. Suggests that this may help solve the problem of co-ordinating the volume of information which is produced by the multiple partners of a project. A new Partners in Innovation research project is examining the development of the integration of data into CAD drawings. Table produces the results of case studies of projects which have looked at this type of management system. |
| 590 ## - LOCAL NOTE (RLIN) | |
| Local note | ABS |
| 650 ## - SUBJECT ADDED ENTRY--TOPICAL TERM | |
| Topical term or geographic name entry element | DATA-CENTRIC MODELLING |
| 650 ## - SUBJECT ADDED ENTRY--TOPICAL TERM | |
| Topical term or geographic name entry element | PARTNERS IN INNOVATION |
| 650 ## - SUBJECT ADDED ENTRY--TOPICAL TERM | |
| Topical term or geographic name entry element | CAD MANAGEMENT |
| 650 ## - SUBJECT ADDED ENTRY--TOPICAL TERM | |
| Topical term or geographic name entry element | Procurement |
| 9 (RLIN) | 6260 |
| 690 ## - LOCAL SUBJECT ADDED ENTRY--TOPICAL TERM (OCLC, RLIN) | |
| Topical term or geographic name as entry element | MANAGEMENT-BUSINESS MANAGEMENT-INFORMATION MANAGEMENT |
| 942 ## - ADDED ENTRY ELEMENTS (KOHA) | |
| Suppress in OPAC | 0 |
| Withdrawn status | Lost status | Source of classification or shelving scheme | Damaged status | Not for loan | Home library | Current library | Shelving location | Date acquired | Total Checkouts | Full call number | Barcode | Date last seen | Copy number | Price effective from | Koha item type |
|---|---|---|---|---|---|---|---|---|---|---|---|---|---|---|---|
| Dewey Decimal Classification | London | London | Journal article | 27/05/2003 | ABS66717 | 122412-1001 | 06/08/2019 | 1 | 06/08/2019 | Journal article |